Guild hostilities / (Record no. 88566)

MARC details
000 -LEADER
fixed length control field 00490nam a22001697a 4500
005 - DATE AND TIME OF LATEST TRANSACTION
control field 20140922114101.0
010 ## - LCCN (DPL NO)
LC control number ENG-110835
020 ## - INTERNATIONAL STANDARD BOOK NUMBER
International Standard Book Number 9789384049966
Terms of availability 195.00
035 ## - SYSTEM CONTROL NUMBER
System control number EN-94367
037 ## - SOURCE OF ACQUISITION
Source of stock number/acquisition DBAD/PUB
100 ## - MAIN ENTRY--PERSONAL NAME
Personal name Barath Narayanan, C. R.
245 ## - TITLE STATEMENT
Title Guild hostilities /
Statement of responsibility, etc by Barath Narayanan C. R.
260 ## - PUBLICATION, DISTRIBUTION, ETC. (IMPRINT)
Place of publication, distribution, etc New Delhi
Name of publisher, distributor, etc Notion Press
Date of publication, distribution, etc 2014
270 ## - ADDRESS
Address 5 Muthu Kalathy street, Triplicane
City Chennai
Postal code 600005
300 ## - PHYSICAL DESCRIPTION
Extent vii,189p.
Dimensions 24cm(pbk)
942 ## - ADDED ENTRY ELEMENTS (KOHA)
Source of classification or shelving scheme Dewey Decimal Classification
Item type English Books
Call number suffix BAR
Classification part N
Holdings
Withdrawn status Lost status Not for loan Collection code Home library Current library Date acquired Source of acquisition Cost, normal purchase price Full call number Barcode Copy number Cost, replacement price Koha item type
    Not For Loan Fiction D.B.Act.Division D.B.Act.Division 11/09/2014 DBAD/PUB 195.00 N BAR EN-94367 1 195.00 English Books

© Delhi Public Library
Hit Counter
free hit counter